[Event "4NCL/Div1c/GADS vs. WRO1"]
[Site "Staverton Park ENG"]
[Date "2009.05.04"]
[Round "11.6"]
[White "Barrett, Steve J"]
[Black "Snape, Ian"]
[Result "1/2-1/2"]
[WhiteElo "2200"]
[BlackElo "2200"]
[PlyCount "62"]
[EventDate "2009.05.04"]
[EventType "team"]
[EventRounds "11"]
[EventCountry "ENG"]
[SourceDate "2008.10.04"]

1. d4 Nf6 2. c4 g6 3. Nc3 Bg7 4. e4 d6 5. f4 c5 6. d5 O-O 7. Nf3 a6 8. a4 e5 9.
dxe6 fxe6 10. Bd3 Nc6 11. O-O Nh5 12. Ne2 Qe7 13. g4 Nf6 14. h3 b6 15. Ng3 Nd7
16. e5 dxe5 17. Be4 Bb7 18. f5 gxf5 19. gxf5 Nf6 20. Bg5 Rad8 21. Qe1 Nd4 22.
Nxd4 Bxe4 23. Nxe6 Bd3 24. Nxd8 Rxd8 25. Rf2 Bxc4 26. Ra3 h6 27. Bxf6 Bxf6 28.
Ne4 Bh4 29. Rg2+ Kh7 30. Qc1 Rd4 31. Qc2 Qd8 1/2-1/2

[Event "4NCL/Div1c/GADS vs. WRO1"]
[Site "Staverton Park ENG"]
[Date "2009.05.04"]
[Round "11.7"]
[White "Anderton, David"]
[Black "Gayson, Peter M"]
[Result "1/2-1/2"]
[WhiteElo "2225"]
[BlackElo "2256"]
[PlyCount "59"]
[EventDate "2009.05.04"]
[EventType "team"]
[EventRounds "11"]
[EventCountry "ENG"]
[SourceDate "2008.10.04"]

1. d4 f5 2. g3 g6 3. Bg2 Bg7 4. Nf3 Nf6 5. O-O O-O 6. c4 d6 7. Nc3 Qe8 8. Re1
e5 9. dxe5 dxe5 10. e4 fxe4 11. Ng5 Nc6 12. Be3 h6 13. Ngxe4 Nxe4 14. Bxe4 Bf5
15. Qd5+ Kh7 16. Qb5 Bxe4 17. Nxe4 b6 18. c5 a6 19. Qb3 b5 20. Rad1 Rd8 21.
Rxd8 Qxd8 22. Qe6 Nd4 23. Bxd4 Qxd4 24. b3 a5 25. Qc6 Qb4 26. Re2 Rf7 27. Qe8
Rf8 28. Qc6 Rf7 29. Qe8 Rf8 30. Qc6 1/2-1/2

[Event "4NCL/Div1c/GADS vs. WRO1"]
[Site "Staverton Park ENG"]
[Date "2009.05.04"]
[Round "11.8"]
[White "Corke, Anya"]
[Black "Bellin, Jana"]
[Result "1-0"]
[WhiteElo "2237"]
[BlackElo "2191"]
[PlyCount "59"]
[EventDate "2009.05.04"]
[EventType "team"]
[EventRounds "11"]
[EventCountry "ENG"]
[SourceDate "2008.10.04"]

1. d4 Nf6 2. c4 c5 3. d5 e5 4. Nc3 d6 5. e4 Be7 6. g3 O-O 7. Bg2 a6 8. a4 Nbd7
9. Nge2 Ne8 10. O-O g6 11. Bh6 Ng7 12. Qd2 Nf6 13. h3 Kh8 14. f4 Ng8 15. Bxg7+
Kxg7 16. fxe5 dxe5 17. a5 Bd6 18. Na4 Bd7 19. Nb6 Rb8 20. Nc3 Ne7 21. Nxd7 Qxd7
22. Na4 f5 23. b4 Qc7 24. Kh1 fxe4 25. Qb2 Rxf1+ 26. Rxf1 cxb4 27. c5 Nxd5 28.
cxd6 Qxd6 29. Rd1 Qe6 30. Nc5 1-0

[Event "4NCL/Div1d/SWD1 vs. BRI1"]
[Site "Staverton Park ENG"]
[Date "2009.05.02"]
[Round "9.1"]
[White "Cobb, James E"]
[Black "Rudd, Jack"]
[Result "1-0"]
[WhiteElo "2436"]
[BlackElo "2357"]
[PlyCount "51"]
[EventDate "2009.05.02"]
[EventType "team"]
[EventRounds "11"]
[EventCountry "ENG"]
[SourceDate "2008.10.04"]

1. Nf3 Nc6 2. e4 e5 3. Bc4 Nf6 4. d3 d5 5. exd5 Nxd5 6. O-O Nb6 7. Bb5 Bd6 8.
Re1 f6 9. a4 O-O 10. a5 Nd7 11. c3 Ne7 12. d4 Ng6 13. Nbd2 c6 14. Bd3 f5 15.
Nc4 Bc7 16. Bg5 Qe8 17. dxe5 b5 18. Nd6 Qe6 19. Nd4 Qd5 20. Bxf5 Rxf5 21. N4xf5
Ndxe5 22. Qxd5+ cxd5 23. Nxb5 Bxf5 24. Nxc7 Rb8 25. Nxd5 Rxb2 26. Ne7+ 1-0

[Event "4NCL/Div1d/SWD1 vs. BRI1"]
[Site "Staverton Park ENG"]
[Date "2009.05.02"]
[Round "9.2"]
[White "Cobb, Charles"]
[Black "Cooper, John G"]
[Result "1/2-1/2"]
[WhiteElo "2397"]
[BlackElo "2350"]
[PlyCount "79"]
[EventDate "2009.05.02"]
[EventType "team"]
[EventRounds "11"]
[EventCountry "ENG"]
[SourceDate "2008.10.04"]

1. c4 e6 2. Nc3 d5 3. d4 c5 4. cxd5 exd5 5. Nf3 Nc6 6. g3 Nf6 7. Bg2 Be7 8. O-O
O-O 9. Bg5 cxd4 10. Nxd4 h6 11. Be3 Re8 12. Qa4 Bd7 13. Nxd5 Nxd5 14. Bxd5 Nb4
15. Qb3 Nxd5 16. Qxd5 Bh3 17. Qxd8 Raxd8 18. Rfd1 Bf6 19. Rd2 Bg4 20. Re1 Bxd4
21. Rxd4 Rxd4 22. Bxd4 Rxe2 23. Rxe2 Bxe2 24. Bxa7 Kf8 25. f4 Bg4 26. Kf2 g6
27. Ke3 Ke7 28. Kd4 Kd6 29. a4 Bd1 30. a5 Bg4 31. b4 Kc6 32. Ke5 h5 33. Kf6 Be6
34. Ke7 Bc4 35. Bc5 Be6 36. Kd8 Bf5 37. Ke8 Be6 38. Ke7 Bc4 39. f5 Bb3 40. fxg6
1/2-1/2

[Event "4NCL/Div1d/SWD1 vs. BRI1"]
[Site "Staverton Park ENG"]
[Date "2009.05.02"]
[Round "9.3"]
[White "Rees, Ioan"]
[Black "Poobalasingam, Peter"]
[Result "1-0"]
[WhiteElo "2307"]
[BlackElo "2240"]
[PlyCount "55"]
[EventDate "2009.05.02"]
[EventType "team"]
[EventRounds "11"]
[EventCountry "ENG"]
[SourceDate "2008.10.04"]

1. Nf3 Nf6 2. c4 g6 3. Nc3 d5 4. Qa4+ Nc6 5. cxd5 Nxd5 6. Ne5 Ndb4 7. a3 Nc2+
8. Qxc2 Nxe5 9. d4 Ng4 10. Bf4 c6 11. Rd1 Bg7 12. h3 Nf6 13. e4 O-O 14. Be2 b6
15. d5 cxd5 16. Nxd5 Bd7 17. Ba6 Nxd5 18. Rxd5 Qe8 19. Bb7 Be6 20. Bxa8 Qxa8
21. Rd2 Rc8 22. Qb1 Ba2 23. Qxa2 Qxe4+ 24. Be3 Qxg2 25. Qd5 Rc1+ 26. Ke2 Qxh1
27. Qxh1 Rxh1 28. Rd8+ 1-0

[Event "4NCL/Div1d/SWD1 vs. BRI1"]
[Site "Staverton Park ENG"]
[Date "2009.05.02"]
[Round "9.4"]
[White "Beaumont, Chris"]
[Black "Zeidler, Sven P"]
[Result "1-0"]
[WhiteElo "2304"]
[BlackElo "2223"]
[PlyCount "115"]
[EventDate "2009.05.02"]
[EventType "team"]
[EventRounds "11"]
[EventCountry "ENG"]
[SourceDate "2008.10.04"]

1. d4 f5 2. g3 Nf6 3. Bg2 g6 4. Nf3 Bg7 5. c4 d6 6. b4 O-O 7. O-O Qe8 8. Bb2 h6
9. Nc3 Qf7 10. Qb3 Nbd7 11. Nb5 c6 12. Nc7 Rb8 13. d5 Nb6 14. Nd4 Ne4 15. Bxe4
Bxd4 16. Bxd4 fxe4 17. Qe3 e5 18. Bxb6 axb6 19. Ne6 Bxe6 20. dxe6 Qxe6 21. Qxh6
Rf7 22. Qe3 Qxc4 23. Qxb6 Rbf8 24. Rad1 d5 25. Rd2 d4 26. e3 d3 27. Qc5 Qe6 28.
Rc1 Kg7 29. Rc4 Qf5 30. b5 cxb5 31. Qxb5 Kh7 32. Qd5 Rd7 33. Qxe4 Qxe4 34. Rxe4
Rc8 35. Rxe5 Rc2 36. Rd1 d2 37. Kf1 Rxa2 38. Ke2 Kg7 39. Re4 Kf6 40. Rd4 Rh7
41. h4 Rb2 42. R1xd2 Rb1 43. Rd6+ Kg7 44. Rd7+ Kh6 45. g4 Rh8 46. Rd8 Rxd8 47.
Rxd8 Rh1 48. f4 b5 49. Rb8 Rh2+ 50. Kf3 Rh3+ 51. Ke4 Rg3 52. g5+ Kh5 53. Rxb5
Kxh4 54. Rb8 Kh3 55. Rg8 Kg2 56. Rxg6 Kf2 57. Kf5 Kxe3 58. Re6+ 1-0

[Event "4NCL/Div1d/SWD1 vs. BRI1"]
[Site "Staverton Park ENG"]
[Date "2009.05.02"]
[Round "9.5"]
[White "Morris, Charles F"]
[Black "Buckley, David E"]
[Result "0-1"]
[WhiteElo "2197"]
[BlackElo "2265"]
[PlyCount "120"]
[EventDate "2009.05.02"]
[EventType "team"]
[EventRounds "11"]
[EventCountry "ENG"]
[SourceDate "2008.10.04"]

1. c4 c5 2. g3 Nc6 3. Bg2 g6 4. Nc3 Bg7 5. a3 b6 6. Rb1 Bb7 7. b4 d6 8. Nh3 Qd7
9. Nf4 g5 10. Nfd5 e6 11. Ne3 Nge7 12. Qa4 Nd8 13. Nb5 O-O 14. Bxb7 Nxb7 15. h4
Qc6 16. f3 gxh4 17. Rxh4 Ng6 18. Rh2 f5 19. f4 d5 20. cxd5 exd5 21. bxc5 Nxc5
22. Qc2 a6 23. d4 axb5 24. dxc5 Qxc5 25. Qxc5 bxc5 26. Nxd5 Rad8 27. Nc7 Bc3+
28. Kf2 Rd1 29. Kg2 Be1 30. Kf3 Bd2 31. e3 Rxc1 32. Rxb5 Rd8 33. Ne6 Rf1+ 34.
Rf2 Rxf2+ 35. Kxf2 Re8 36. Nxc5 Bxe3+ 37. Kg2 Ra8 38. a4 Ne7 39. a5 Bxc5 40.
Rxc5 Kf7 41. Kf3 h5 42. Kg2 Ke6 43. Kh3 Kd6 44. Rb5 Nd5 45. Kh4 Kc6 46. Rb3
Rxa5 47. Kxh5 Nf6+ 48. Kg6 Ng4 49. Rd3 Kc5 50. Kg5 Kc4 51. Rd8 Ne3 52. Kh4 Rd5
53. Re8 Kd3 54. Kh3 Ke2 55. g4 fxg4+ 56. Kg3 Rh5 57. Rxe3+ Kxe3 58. Kxg4 Rh1
59. f5 Ke4 60. f6 Ke5 0-1

[Event "4NCL/Div1d/SWD1 vs. BRI1"]
[Site "Staverton Park ENG"]
[Date "2009.05.02"]
[Round "9.6"]
[White "Curtis, John"]
[Black "James, David J"]
[Result "0-1"]
[WhiteElo "2112"]
[BlackElo "2130"]
[PlyCount "56"]
[EventDate "2009.05.02"]
[EventType "team"]
[EventRounds "11"]
[EventCountry "ENG"]
[SourceDate "2008.10.04"]

1. d4 Nf6 2. Nf3 e6 3. e3 b6 4. Bd3 Bb7 5. O-O c5 6. Nbd2 Nc6 7. c3 Be7 8. e4
cxd4 9. cxd4 Nb4 10. Bb1 Ba6 11. Re1 Nd3 12. Bxd3 Bxd3 13. d5 Qc8 14. Ne5 Bc2
15. Qf3 O-O 16. Nb3 Bd6 17. Ng4 Nxg4 18. Qxg4 f5 19. exf5 exf5 20. Qd4 Qc7 21.
Bd2 Bxh2+ 22. Kh1 Qd6 23. g3 Bxg3 24. fxg3 Qxg3 25. Re3 Qg6 26. Qf4 Be4+ 27.
Rxe4 fxe4 28. Qh4 Rf5 0-1

[Event "4NCL/Div1d/SWD1 vs. BRI1"]
[Site "Staverton Park ENG"]
[Date "2009.05.02"]
[Round "9.8"]
[White "Yap, Xiu-Huan"]
[Black "Wilson, Julie"]
[Result "1-0"]
[WhiteElo "1776"]
[BlackElo "1910"]
[PlyCount "131"]
[EventDate "2009.05.02"]
[EventType "team"]
[EventRounds "11"]
[EventCountry "ENG"]
[SourceDate "2008.10.04"]

1. e4 c5 2. Nf3 Nc6 3. d4 cxd4 4. Nxd4 g6 5. Be3 Bg7 6. Nc3 d6 7. Bc4 Nf6 8. f3
O-O 9. Qd2 Ne5 10. Bb3 Bd7 11. O-O-O Rc8 12. g4 Nc4 13. Bxc4 Rxc4 14. h4 Qa5
15. Nb3 Qc7 16. e5 Ne8 17. Nd5 Qd8 18. Bxa7 e6 19. Nb6 Rc6 20. Nxd7 Qxd7 21.
exd6 Rxd6 22. Qe3 Rxd1+ 23. Rxd1 Bxb2+ 24. Kxb2 Qxd1 25. Bc5 Nd6 26. Qf4 Rd8
27. Qf6 Nc4+ 28. Kc3 b5 29. Kb4 Rd5 30. Qe7 Nd6 31. h5 gxh5 32. gxh5 Qe1+ 33.
c3 Qe5 34. Qd8+ Kg7 35. Bd4 Rxd4+ 36. Nxd4 Nb7 37. Qb6 Nd6 38. Nxb5 Nxb5 39.
Qxb5 Qf4+ 40. c4 Qxf3 41. Qg5+ Kf8 42. h6 Qb7+ 43. Kc3 Qf3+ 44. Kd4 Qf2+ 45.
Kc3 Qe1+ 46. Kb3 Qb1+ 47. Ka3 Qd3+ 48. Kb4 Qd4 49. a4 Qb6+ 50. Ka3 Qd6+ 51. c5
Qd3+ 52. Kb4 Qd4+ 53. Ka5 Qc3+ 54. Ka6 Qc4+ 55. Kb6 Qb4+ 56. Kc7 Qa5+ 57. Kd6
Qa6+ 58. c6 Qd3+ 59. Kc7 Ke8 60. Kb7 Qe4 61. Qd2 Ke7 62. Qd7+ Kf6 63. a5 Qb4+
64. Kc8 e5 65. a6 Qa5 66. Qd8+ 1-0

[Event "4NCL/Div1d/SAMS vs. BAR2"]
[Site "Staverton Park ENG"]
[Date "2009.05.02"]
[Round "9.1"]
[White "Ruston, Mark R"]
[Black "Rogers, Jonathan W"]
[Result "0-1"]
[WhiteElo "2092"]
[BlackElo "2337"]
[PlyCount "44"]
[EventDate "2009.05.02"]
[EventType "team"]
[EventRounds "11"]
[EventCountry "ENG"]
[SourceDate "2008.10.04"]

1. e4 c5 2. Nc3 e6 3. g3 a6 4. a4 d5 5. exd5 exd5 6. Bg2 Nf6 7. d4 cxd4 8. Qxd4
Nc6 9. Qd1 Bb4 10. Nge2 O-O 11. O-O Re8 12. Bg5 Bg4 13. f3 Bf5 14. Nf4 d4 15.
Ncd5 Nxd5 16. Bxd8 Ne3 17. Qc1 Raxd8 18. Rf2 Na5 19. Nh5 d3 20. cxd3 Nb3 21.
Qb1 Nxa1 22. Qxa1 Rxd3 0-1

[Event "4NCL/Div1d/SAMS vs. BAR2"]
[Site "Staverton Park ENG"]
[Date "2009.05.02"]
[Round "9.2"]
[White "Taylor, Martin R"]
[Black "Makepeace, Philip J"]
[Result "1-0"]
[WhiteElo "2330"]
[BlackElo "2042"]
[PlyCount "87"]
[EventDate "2009.05.02"]
[EventType "team"]
[EventRounds "11"]
[EventCountry "ENG"]
[SourceDate "2008.10.04"]

1. d4 c5 2. d5 f5 3. Nc3 Nf6 4. g3 g6 5. Bg2 d6 6. Nh3 Na6 7. O-O Bg7 8. e4 O-O
9. Nf4 Nc7 10. a4 Rb8 11. Re1 fxe4 12. Nxe4 Ng4 13. Ne6 Bxe6 14. dxe6 Ne5 15.
f4 Nc6 16. c3 Qc8 17. h4 Kh8 18. h5 h6 19. Ng5 Rf6 20. hxg6 Nxe6 21. Bh3 Ncd8
22. Nxe6 Nxe6 23. Qg4 Nd4 24. Qxc8+ Rxc8 25. cxd4 Rc7 26. dxc5 Rxg6 27. cxd6
Rc2 28. g4 Rxd6 29. Be3 Rxb2 30. Rad1 Re6 31. Bxa7 Ra6 32. Bd4 Rb3 33. Bg2 Rxa4
34. Bxg7+ Kxg7 35. Rxe7+ Kf6 36. Re4 Rxe4 37. Bxe4 Rg3+ 38. Kf2 Rxg4 39. Kf3
Rh4 40. Rd6+ Kg7 41. Rb6 Rh3+ 42. Kg4 Rh2 43. Bxb7 Kf7 44. Kg3 1-0

[Event "4NCL/Div1d/SAMS vs. BAR2"]
[Site "Staverton Park ENG"]
[Date "2009.05.02"]
[Round "9.3"]
[White "Armstrong, Malcolm"]
[Black "Berry, Neil"]
[Result "0-1"]
[WhiteElo "2051"]
[BlackElo "2319"]
[PlyCount "56"]
[EventDate "2009.05.02"]
[EventType "team"]
[EventRounds "11"]
[EventCountry "ENG"]
[SourceDate "2008.10.04"]

1. d4 d5 2. Nf3 Nf6 3. c4 c6 4. e3 a6 5. Nc3 b5 6. cxd5 cxd5 7. Ne5 e6 8. Bd3
Bb7 9. Bd2 Nbd7 10. f4 Bd6 11. O-O O-O 12. a4 b4 13. Ne2 Ne4 14. Rc1 Rc8 15. b3
Nb6 16. g3 f6 17. Bxe4 dxe4 18. Nc4 Nxc4 19. Rxc4 Bd5 20. Rxc8 Qxc8 21. Qb1 a5
22. Qb2 Qa6 23. Kf2 e5 24. Rd1 exf4 25. gxf4 Qc8 26. Rg1 Qe6 27. Nc1 Rc8 28.
Rg2 Bxf4 0-1

[Event "4NCL/Div1d/SAMS vs. BAR2"]
[Site "Staverton Park ENG"]
[Date "2009.05.02"]
[Round "9.4"]
[White "Pritchett, Craig W"]
[Black "Russell, Chris"]
[Result "1-0"]
[WhiteElo "2306"]
[BlackElo "2076"]
[PlyCount "79"]
[EventDate "2009.05.02"]
[EventType "team"]
[EventRounds "11"]
[EventCountry "ENG"]
[SourceDate "2008.10.04"]

1. Nf3 e6 2. c4 f5 3. g3 Nf6 4. Bg2 Be7 5. O-O O-O 6. b3 d6 7. d4 Ne4 8. Bb2
Bf6 9. Nc3 Nc6 10. Rc1 Nxc3 11. Bxc3 Qe8 12. d5 Ne7 13. dxe6 Bxe6 14. Nd4 Bc8
15. e4 Bxd4 16. Qxd4 Qg6 17. f4 Nc6 18. Qd3 fxe4 19. Bxe4 Bf5 20. Rce1 Bxe4 21.
Rxe4 Rae8 22. Rfe1 Rxe4 23. Rxe4 Re8 24. Qd5+ Kf8 25. f5 Qf7 26. Qxf7+ Kxf7 27.
Rxe8 Kxe8 28. Bxg7 Kf7 29. Bc3 Ne7 30. g4 d5 31. Kf2 c5 32. f6 d4 33. Bxd4 cxd4
34. fxe7 Kxe7 35. b4 Kf6 36. Kf3 Ke5 37. a4 d3 38. Ke3 d2 39. Kxd2 Kf4 40. h3
1-0

[Event "4NCL/Div1d/SAMS vs. BAR2"]
[Site "Staverton Park ENG"]
[Date "2009.05.02"]
[Round "9.6"]
[White "Ynojosa, Felix J"]
[Black "Varnam, Liam D"]
[Result "0-1"]
[WhiteElo "2187"]
[BlackElo "2121"]
[PlyCount "106"]
[EventDate "2009.05.02"]
[EventType "team"]
[EventRounds "11"]
[EventCountry "ENG"]
[SourceDate "2008.10.04"]

1. e4 e5 2. Bc4 Nc6 3. d3 Nf6 4. Nc3 Be7 5. f4 d6 6. f5 Na5 7. Qf3 c6 8. a4
Nxc4 9. dxc4 h5 10. Nge2 Qc7 11. O-O Bd7 12. h3 O-O-O 13. Be3 Rdg8 14. Qf2 c5
15. Nd5 Nxd5 16. cxd5 h4 17. b4 g5 18. bxc5 dxc5 19. Qf3 g4 20. hxg4 Bg5 21.
Bxg5 Rxg5 22. Rfd1 Qd6 23. Kf2 Rhg8 24. Rh1 Rxg4 25. Rh2 Qb6 26. c4 Qb2 27. Qc3
Rxg2+ 28. Rxg2 Rxg2+ 29. Kxg2 Qxe2+ 30. Kg1 Qxe4 31. Re1 Qg4+ 32. Kh2 f6 33.
Rf1 Qe2+ 34. Kg1 Qg4+ 35. Kh2 Bxf5 36. Qe3 b6 37. Qf3 Qxf3 38. Rxf3 Bc2 39.
Rxf6 Bxa4 40. Rh6 Bb3 41. Rxh4 a5 42. Kg3 a4 43. Kf3 a3 44. Rh1 a2 45. Ra1 Bxc4
46. Ke4 b5 47. Rh1 b4 48. Rh8+ Kb7 49. Rh7+ Kb6 50. Rh6+ Kb5 51. Rh8 a1=Q 52.
Rb8+ Ka5 53. Ra8+ Ba6 0-1

[Event "4NCL/Div1d/SAMS vs. BAR2"]
[Site "Staverton Park ENG"]
[Date "2009.05.02"]
[Round "9.7"]
[White "Sainbayar, Anuurai"]
[Black "Taylor, Peter"]
[Result "0-1"]
[WhiteElo "1590"]
[BlackElo "2244"]
[PlyCount "70"]
[EventDate "2009.05.02"]
[EventType "team"]
[EventRounds "11"]
[EventCountry "ENG"]
[SourceDate "2008.10.04"]

1. f4 d5 2. Nf3 g6 3. g3 Bg7 4. Bg2 Nf6 5. e3 c5 6. c3 Nc6 7. d4 Bg4 8. Nbd2
cxd4 9. cxd4 O-O 10. O-O Rc8 11. a3 Qc7 12. Re1 Na5 13. b3 Ne4 14. h3 Nc3 15.
hxg4 Nxd1 16. Rxd1 Qc2 17. Rf1 Nxb3 18. Nxb3 Qxb3 19. Bd2 Rc2 20. Rfe1 Rfc8 21.
Rab1 Rb2 22. Rxb2 Qxb2 23. a4 Rc2 24. Re2 b6 25. Kf2 Qb3 26. a5 bxa5 27. Bxa5
Rxe2+ 28. Kxe2 Qa2+ 29. Bd2 a5 30. Ne1 e6 31. f5 Bf8 32. Nd3 Bb4 33. Nxb4 axb4
34. Kd1 b3 35. fxe6 fxe6 0-1

[Event "4NCL/Div1d/SAMS vs. BAR2"]
[Site "Staverton Park ENG"]
[Date "2009.05.02"]
[Round "9.8"]
[White "Regan, Natasha"]
[Black "Hui, Zhu"]
[Result "1-0"]
[WhiteElo "2177"]
[BlackElo "1600"]
[PlyCount "75"]
[EventDate "2009.05.02"]
[EventType "team"]
[EventRounds "11"]
[EventCountry "ENG"]
[SourceDate "2008.10.04"]

1. e4 c5 2. d4 e6 3. d5 exd5 4. exd5 d6 5. c4 Nf6 6. Nc3 Bf5 7. Nf3 Be7 8. Be2
O-O 9. O-O h6 10. a3 Nbd7 11. b4 Re8 12. Bb2 Bf8 13. Rc1 a6 14. Ne1 Rc8 15. b5
Ne5 16. h3 Rc7 17. f4 Ng6 18. g4 Bc8 19. Bd3 Re3 20. Bxg6 fxg6 21. Nf3 Rce7 22.
Rc2 Ne4 23. Nxe4 R3xe4 24. bxa6 bxa6 25. Qd3 Qe8 26. Ne5 Bf5 27. gxf5 gxf5 28.
Nc6 Rb7 29. Rg2 Rc7 30. Rff2 Rf7 31. Re2 Qd7 32. Rxe4 fxe4 33. Qg3 Qf5 34. Nd8
Rc7 35. Ne6 Rb7 36. Nxg7 Bxg7 37. Bxg7 Kh7 38. Bf6 1-0

[Event "4NCL/Div1d/RIC vs. BET"]
[Site "Staverton Park ENG"]
[Date "2009.05.02"]
[Round "9.1"]
[White "Bates, Richard A"]
[Black "Hunt, Adam C"]
[Result "1/2-1/2"]
[WhiteElo "2384"]
[BlackElo "2433"]
[PlyCount "58"]
[EventDate "2009.05.02"]
[EventType "team"]
[EventRounds "11"]
[EventCountry "ENG"]
[SourceDate "2008.10.04"]

1. d4 Nf6 2. g3 g6 3. Bg2 d5 4. Nf3 Bg7 5. O-O O-O 6. c4 dxc4 7. Na3 c3 8. bxc3
c5 9. e3 Nc6 10. Qe2 Nd5 11. Bb2 Nb6 12. Rac1 Qd5 13. Ba1 Qh5 14. e4 Bg4 15.
Nc2 f5 16. h3 fxe4 17. hxg4 Qxg4 18. Nce1 exf3 19. Nxf3 Rad8 20. Rfe1 c4 21.
Rb1 Rfe8 22. a4 e5 23. a5 Nxa5 24. dxe5 Nc6 25. Qa2 Qh5 26. Nd4 Rxe5 27. Nxc6
bxc6 28. Qxa7 Nd5 29. Qa4 Rde8 1/2-1/2

[Event "4NCL/Div1d/RIC vs. BET"]
[Site "Staverton Park ENG"]
[Date "2009.05.02"]
[Round "9.2"]
[White "Ledger, Andrew J"]
[Black "Baker, Chris W"]
[Result "1-0"]
[WhiteElo "2425"]
[BlackElo "2351"]
[PlyCount "61"]
[EventDate "2009.05.02"]
[EventType "team"]
[EventRounds "11"]
[EventCountry "ENG"]
[SourceDate "2008.10.04"]

1. d4 g6 2. e4 Bg7 3. Nc3 d6 4. f4 Nf6 5. Nf3 c5 6. dxc5 Qa5 7. Qd4 Nc6 8. Bb5
dxc5 9. Qa4 Qxa4 10. Bxa4 Nd7 11. Be3 Rb8 12. e5 f6 13. O-O-O fxe5 14. Bxc6
bxc6 15. fxe5 O-O 16. Rhe1 Nxe5 17. Nxe5 Bxe5 18. Bxc5 Bxh2 19. Rxe7 Bg4 20.
Rh1 Rbd8 21. Rxa7 Rf5 22. Bb6 Bf4+ 23. Kb1 Rd2 24. a4 Be5 25. Ne4 Rxg2 26. a5
Rf4 27. Re1 Re2 28. Rxe2 Bxe2 29. Nf2 Rf5 30. Nd3 Bf6 31. a6 1-0

[Event "4NCL/Div1d/RIC vs. BET"]
[Site "Staverton Park ENG"]
[Date "2009.05.02"]
[Round "9.3"]
[White "Wall, Gavin"]
[Black "Ansell, Simon"]
[Result "0-1"]
[WhiteElo "2301"]
[BlackElo "2394"]
[PlyCount "66"]
[EventDate "2009.05.02"]
[EventType "team"]
[EventRounds "11"]
[EventCountry "ENG"]
[SourceDate "2008.10.04"]

1. e4 c5 2. Nf3 Nc6 3. Bb5 e6 4. Bxc6 bxc6 5. d3 Ne7 6. h4 Qc7 7. b3 e5 8. h5
d6 9. Nbd2 Ng8 10. Nh2 Be7 11. g4 h6 12. Ndf1 Nf6 13. Ne3 Nh7 14. Nf3 Bf6 15.
Nh4 Be6 16. Nef5 O-O-O 17. Qe2 Rhg8 18. a3 Bg5 19. b4 c4 20. dxc4 Kb8 21. Bxg5
Nxg5 22. O-O-O Ka8 23. Rd2 d5 24. exd5 cxd5 25. c5 Ne4 26. Rd3 g6 27. hxg6 fxg6
28. Nxh6 Rgf8 29. Rf3 Qg7 30. Qe3 Rf4 31. Nxg6 Qxg6 32. Rxf4 exf4 33. Qxf4 Qg7
0-1

[Event "4NCL/Div1d/RIC vs. BET"]
[Site "Staverton Park ENG"]
[Date "2009.05.02"]
[Round "9.4"]
[White "Webb, Laurence E"]
[Black "Osborne, Marcus E"]
[Result "1/2-1/2"]
[WhiteElo "2346"]
[BlackElo "2212"]
[PlyCount "142"]
[EventDate "2009.05.02"]
[EventType "team"]
[EventRounds "11"]
[EventCountry "ENG"]
[SourceDate "2008.10.04"]

1. e4 e6 2. d4 d5 3. e5 c5 4. c3 Qb6 5. Nf3 Nc6 6. a3 Nh6 7. b4 cxd4 8. cxd4
Nf5 9. Be3 Bd7 10. Bd3 Nxe3 11. fxe3 Rc8 12. O-O Be7 13. Nbd2 Nd8 14. Qe2 Rc3
15. Rfc1 Rxc1+ 16. Rxc1 a5 17. Rb1 axb4 18. axb4 Bxb4 19. Qf2 Qa5 20. Nb3 Qc7
21. Rc1 Qb6 22. Nc5 Bxc5 23. Rxc5 h6 24. h4 O-O 25. Bc2 Nc6 26. Qd2 Nb4 27. Kh2
Ra8 28. Bb1 Rc8 29. Rxc8+ Bxc8 30. Qc1 Bd7 31. Qa3 Nc6 32. Qd3 Kf8 33. Bc2 Nb4
34. Qa3 Ke8 35. Bd1 Nc6 36. Qa8+ Nd8 37. Qa3 Qa6 38. Qc3 Qc4 39. Qa3 Qf1 40.
Qb3 Bb5 41. Nd2 Qd3 42. Kg3 Nc6 43. Qxd3 Bxd3 44. Nb3 Bc4 45. Nc5 b5 46. Kf2
Ke7 47. Ke1 f6 48. exf6+ Kxf6 49. Kd2 e5 50. dxe5+ Kxe5 51. Bf3 b4 52. Nd7+ Kd6
53. Nb6 Bb3 54. Kd3 Ne5+ 55. Kd4 Nxf3+ 56. gxf3 Kc7 57. Kc5 Ba2 58. Na4 Kd7 59.
Kxb4 Ke6 60. Nc3 Bc4 61. Kc5 Bb3 62. Kd4 Kd6 63. Nb5+ Kc6 64. Kc3 Bd1 65. Nd4+
Kd7 66. Kd2 Ba4 67. Nf5 g5 68. hxg5 hxg5 69. Kc3 Ke6 70. Nd4+ Ke5 71. Kb4 Bd1
1/2-1/2

[Event "4NCL/Div1d/RIC vs. BET"]
[Site "Staverton Park ENG"]
[Date "2009.05.02"]
[Round "9.5"]
[White "Muter, Donny"]
[Black "Eames, Robert G"]
[Result "1-0"]
[WhiteElo "2225"]
[BlackElo "2312"]
[PlyCount "97"]
[EventDate "2009.05.02"]
[EventType "team"]
[EventRounds "11"]
[EventCountry "ENG"]
[SourceDate "2008.10.04"]

1. Nf3 d5 2. c4 c6 3. b3 Nf6 4. Bb2 g6 5. d3 Bg7 6. Nbd2 O-O 7. g3 Qb6 8. Qc2
Na6 9. Bg2 Bf5 10. O-O Nb4 11. Qb1 a5 12. a3 Na6 13. cxd5 cxd5 14. Bd4 Qb5 15.
Qb2 Rfc8 16. Rfc1 h6 17. h3 g5 18. g4 Bh7 19. Rc3 Qd7 20. Rac1 Ne8 21. Bxg7
Nxg7 22. Ne5 Qe6 23. Bxd5 Rxc3 24. Bxe6 Rxc1+ 25. Qxc1 Nxe6 26. Qc4 Nac7 27.
Ne4 Rd8 28. Ng3 Rd5 29. Qc3 Rc5 30. Qb2 f6 31. Nc4 Nd5 32. d4 Rc8 33. e4 Ndf4
34. Kh2 a4 35. Nb6 Rd8 36. d5 Nc5 37. Qd4 Nxb3 38. Qxa4 Nd2 39. Nf5 Bxf5 40.
gxf5 h5 41. Qb4 Nf3+ 42. Kg3 Ne5 43. Qxe7 h4+ 44. Kh2 Nf3+ 45. Kh1 Rf8 46. d6
g4 47. hxg4 h3 48. d7 Nd3 49. Qxf8+ 1-0

[Event "4NCL/Div1d/RIC vs. BET"]
[Site "Staverton Park ENG"]
[Date "2009.05.02"]
[Round "9.6"]
[White "Ledger, David J"]
[Black "Cannon, Richard"]
[Result "1-0"]
[WhiteElo "2235"]
[BlackElo "2091"]
[PlyCount "81"]
[EventDate "2009.05.02"]
[EventType "team"]
[EventRounds "11"]
[EventCountry "ENG"]
[SourceDate "2008.10.04"]

1. e4 e6 2. d4 d5 3. Nc3 Nf6 4. Bg5 Bb4 5. e5 h6 6. Bd2 Bxc3 7. bxc3 Ne4 8. Qg4
g6 9. Nf3 c5 10. Bd3 Nxd2 11. Kxd2 Qe7 12. h4 c4 13. Be2 b5 14. Rhb1 Bd7 15. a3
a5 16. Qf4 Na6 17. Nh2 g5 18. Qe3 gxh4 19. Ng4 O-O-O 20. Nf6 Bc6 21. Rh1 Nc7
22. Rxh4 Qf8 23. g3 Ne8 24. Rf4 Nxf6 25. Rxf6 Rh7 26. Bh5 Be8 27. Qf4 Qg7 28.
Rh1 Qf8 29. Rxe6 Qxa3 30. Rxe8 Rxe8 31. Qf5+ Kb8 32. Qxh7 b4 33. cxb4 axb4 34.
Rb1 Qc3+ 35. Ke2 Qxd4 36. Rxb4+ Ka8 37. Kf1 Qxe5 38. Qxf7 Qe1+ 39. Kg2 Qxb4 40.
Qxe8+ Ka7 41. Qd7+ 1-0

[Event "4NCL/Div1d/CAMB1 vs. NWE1"]
[Site "Staverton Park ENG"]
[Date "2009.05.02"]
[Round "9.1"]
[White "Pixton, Adam"]
[Black "Morrison, Graham"]
[Result "1-0"]
[WhiteElo "2462"]
[BlackElo "2347"]
[PlyCount "79"]
[EventDate "2009.05.02"]
[EventType "team"]
[EventRounds "11"]
[EventCountry "ENG"]
[SourceDate "2008.10.04"]

1. d4 e6 2. c4 Nf6 3. Nc3 Bb4 4. Qc2 O-O 5. e4 d6 6. Bd3 e5 7. d5 a5 8. Nge2
Nbd7 9. Ng3 Nc5 10. O-O Nxd3 11. Qxd3 Bc5 12. h3 Ne8 13. Be3 Bxe3 14. Qxe3 Bd7
15. Nce2 b6 16. f4 exf4 17. Rxf4 Qg5 18. h4 Qe5 19. Raf1 g6 20. Qf2 f6 21. Nd4
a4 22. h5 Rc8 23. hxg6 hxg6 24. Rh4 Ng7 25. Nf3 Qe8 26. Rh6 f5 27. exf5 Bxf5
28. Qd4 Qe7 29. Nxf5 gxf5 30. Re1 Qd8 31. Rg6 Qd7 32. Ng5 f4 33. Ne6 Rf7 34.
Re4 c5 35. dxc6 Rxc6 36. Rxf4 Qxe6 37. Rxe6 Nxe6 38. Rg4+ Ng7 39. Rxg7+ Rxg7
40. Qd5+ 1-0